| 000 | 03003nam a22003017a 4500 | ||
|---|---|---|---|
| 003 | OSt | ||
| 005 | 20210310152327.0 | ||
| 008 | 210310s2014 ck ad||fr|||| 00| 0 spa d | ||
| 020 | _a9789585755857 | ||
| 040 |
_aCO-JMCR _cCO-JMCR |
||
| 041 | 0 | _aspa | |
| 082 | 0 | 4 |
_a344.8610321 / _bA696l _223 |
| 100 | 1 |
_aArias, Jaime, _eautor _913005 |
|
| 245 | 1 | 0 |
_aLey estatutaria en salud / _cJaime Arias, Ana Cecilia Santos, Juan Pablo Currea [y otros 10] |
| 250 | _aPrimera edición | ||
| 260 |
_aBogotá, _bAcemi, _c2014 |
||
| 300 |
_a155 páginas : _bilustraciones y gráficas a blanco y negro ; _c24 cm. |
||
| 500 | _aIncluye notas a pie de página. | ||
| 504 | _aBibliografía al final de cada capítulo. | ||
| 505 | 0 | _aDebates Ley Estatutaria -- La Ley Estatutaria y los determinantes sociales de la salud: avances y retos -- Un paso más para el goce efectivo del derecho -- Beneficios del SGSSS con la Ley Estatutaria -- Sostenibilidad del sistema y el fallo de la Corte Constitucional -- Dos puntos de vista sobre política farmacéutica -- Autorregulación y autonomía médica -- Reto axiológico para hacer efectiva la salud como derecho fundamental: a propósito de la Ley Estatutaria en Salud en Colombia -- Comentarios al pronunciamiento de la Corte Constitucional | |
| 520 | 3 | _aEl propósito de esta publicación es animar a los debates y discusiones que vendrán en los próximos meses alrededor del derecho fundamental a la salud y la manera de como este debe ser desarrollado en el plano jurídico y en la praxis de las políticas sanitarias y los servicios de salud. Ojalá la discusión de centre más en los fundamentos, desarrollo y aplicaciones de la norma que en el trasfondo político e ideológico, lo cual facilitará llegar a conclusiones y compromisos de todos los interesados y no a la creación de un nuevo campo de batalla ideológico dentro del sector salud. Pareciera ser que la mayoría de los ciudadanos, lo mismo que los centros de pensamiento del sector y los partidos políticos, coinciden en la justificación, conveniencia y aplicación de los conceptos y reglamentos legales y constitucionales que enmarcan el derecho a la salud como un nuevo campo de referencia jurídico que supera anteriores concepciones de la salud como servicio limitado a los que tuvieran la capacidad individual de acceder al mismo y, además, limitado a la atención individual en casos de enfermedades. No cabe duda que el pensamiento predominante favorece la noción derivada de la aplicación particular del Estado Social de Derecho al campo sanitario y que la discusión sobre si la salud es un derecho fundamental o un servicio prestacional está prácticamente desaparecida. | |
| 650 | 1 | 4 |
_aPolítica de la salud _xLey Estatutaria _zColombia _914681 |
| 650 | 2 | 4 |
_aLey Estatutaria _xmedicina socializada _zColombia _914682 |
| 650 | 2 | 4 |
_aDerecho a la salud _914683 |
| 700 | 1 |
_aSantos, Ana Cecilia, _eautora _914684 |
|
| 700 | 1 |
_aCurrea, Juan Pablo, _eautor _914685 |
|
| 942 |
_2ddc _cBK |
||
| 999 |
_c7528 _d7528 |
||